000 00475pab a2200181 454500
008 180718b2010 xxu||||| |||| 00| 0 eng d
100 _aJeong, Moon-Gi
245 _aSearching for participatory governance in Korea
260 _c2010
300 _ap.275-90.
362 _aMay
650 _aParticipatory development - Korea
650 _aParticipatory development
700 _aOh, Soo-gill
773 _aJournal of Contemporary Asia
908 _aN
909 _a86597
999 _c86597
_d86597